000
00275nam a2200121Ia 4500
008
190216s9999||||xx |||||||||||||| ||und||
100
_a
Biswajit Chaterjee
245
0
_a
Human Resource Management
260
_b
Wheeler Pub
300
_a
186
650
_a
Commerce
942
_c
BK
999
_c
5843
_d
5843